| 000 | 00516nam a22001577a 4500 | ||
|---|---|---|---|
| 003 | OSt | ||
| 005 | 20150912150925.0 | ||
| 008 | 150912b xxu||||| |||| 00| 0 eng d | ||
| 040 | _cRUA | ||
| 082 | _aAGR ប៉ែន 1995 B015 Or.1 | ||
| 100 |
_9339 _aប៉ែន ជា |
||
| 245 | _aការការពារគ្រាប់ធញ្ញជាតិពីការបំផ្លាញរបស់សត្វស្អិត | ||
| 260 |
_aPhnom Penh _bRUA _c1995 |
||
| 300 |
_a77p. _bill. _c29cm. |
||
| 942 |
_2ddc _cAGR |
||
| 999 |
_c317 _d317 |
||